|
|
|
|
| LEADER |
01351nam a2200337 a 4500 |
| 001 |
31463 |
| 003 |
BD-DhAAL |
| 005 |
20211124125546.0 |
| 008 |
161221t20142012maua 001 0 eng |
| 999 |
|
|
|c 37911
|d 37911
|
| 010 |
|
|
|a 2011046710
|
| 020 |
|
|
|a 9789332535060
|
| 020 |
|
|
|a 0321766113 (pbk.)
|
| 040 |
|
|
|a DLC
|c DLC
|
| 050 |
0 |
0 |
|a TP248.2
|b .T49 2012
|
| 082 |
0 |
0 |
|a 660.6
|2 23
|
| 100 |
1 |
|
|a Thieman, William J.
|9 20845
|
| 245 |
1 |
0 |
|a Introduction to biotechnology /
|c William J. Thieman, Michael A. Palladino.
|
| 250 |
|
|
|a 3rd edition.
|
| 260 |
|
|
|a Boston :
|b Pearson,
|c 2013.[First impression 2014]
|
| 300 |
|
|
|a xviii, 394 pages. :
|b illustrations ;
|c 29 cm.
|
| 500 |
|
|
|a Includes index.
|
| 526 |
|
|
|a PHR
|
| 541 |
|
|
|e 31463, 31464
|
| 650 |
|
0 |
|a Biotechnology.
|9 20846
|
| 650 |
|
0 |
|a Pharmacy.
|9 43065
|
| 700 |
1 |
|
|a Palladino, Michael Angelo.
|9 20847
|
| 852 |
|
|
|a Ayesha Abed Library
|c General Stacks
|
| 942 |
|
|
|2 ddc
|c BK
|
| 952 |
|
|
|0 0
|1 0
|2 ddc
|4 0
|6 660_600000000000000_THI
|7 0
|9 59901
|a BRACUL
|b BRACUL
|c GEN
|d 2016-06-30
|e Hye Trade International
|g 2000.00
|l 11
|m 83
|o 660.6 THI
|p 3010031464
|r 2026-01-07
|s 2025-10-27
|t 2
|v 2000.00
|w 2016-06-30
|y BK
|
| 952 |
|
|
|0 0
|1 0
|2 ddc
|4 0
|6 660_600000000000000_THI
|7 0
|9 59902
|a BRACUL
|b BRACUL
|c GEN
|d 2016-06-30
|e Hye Trade International
|g 2000.00
|l 10
|m 113
|o 660.6 THI
|p 3010031463
|r 2025-12-09
|s 2025-11-15
|t 1
|v 2000.00
|w 2016-06-30
|y BK
|